000 00212nam a2200097Ia 4500
008 240331s9999 xx 000 0 und d
082 _a294
_bRAJ
100 _aRajagopalachari, C
245 0 _aMahabharatham
942 _cL
999 _c900
_d900